| 000 | 00673cam a2200193 4500 | ||
|---|---|---|---|
| 001 | ABS61174 | ||
| 008 | 000000n1999 000 0 eng u | ||
| 035 | _a(Sirsi) u101764 | ||
| 100 | _aKelly, T. | ||
| 245 | _aBill of quantities rates. | ||
| 260 | _c1999 | ||
| 490 |
_aCivil Engineering Surveyor _v24(7) September 1999, 16-17(2) |
||
| 520 | _aExplains the mechanics required to support contractual changes to Bill of Quantities rates, based upon the ICE Conditions of Contract (5th edn). | ||
| 650 | _aBILLS OF QUANTITIES | ||
| 650 | _aICE CONDITIONS OF CONTRACT | ||
| 650 |
_aContracts _96232 |
||
| 690 | _aBUILT ENVIRONMENT-BUILDING CONTRACT FORMS | ||
| 942 | _n0 | ||
| 999 |
_c60879 _d60879 |
||